000 00476nam a2200181Ia 4500
005 20250326141800.0
008 250326s9999 xx 000 0 und d
037 _aTextbook
040 _aFMSL
_beng
_cFMSL
041 _aeng
_2eng
084 _qFMSL
100 _aGupta S P
245 0 _aPlanning and development in India : A critique
_cGupta S P
260 _aAhmedabad
_bAhmedabad, Allied Pub.
_c1989
300 _a379p
942 _cTB
999 _c1291949
_d1291949